00785cam a22002411 4500001001300000003000400013005001700017008004100034010001700075025001900092040001800111050002000129100002400149245004000173260004600213300002400259350000900283440004400292500007900336504003200415600005600447650004000503sa 68001476 DLC20260227112433.0710903s1962 pk b 000 0beng  asa 68001476  aPL480:P-E-1192 aDLCcDLCdDLC00aPK2198.A44bZ781 aMirzā, Vaḥīd.14aThe life and works of Amir Khusrau. aLahore,bUniversity of the Panjab,c1962. aiii, 262 p.c26 cm. aRs12 0aPanjab University oriental publications a"Thesis submitted for the Ph. D. degree of the London University in 1929." aBibliography: p. [241]-243.00aAmīr Khusraw Dihlavī,dapproximately 1253-1325. 0aAuthors, PersianzIndiaxBiography.